Movies Quiz

Random Movies or Star Wars Quiz

Star Wars: Princess Leia Plea Quiz Stats

 Plays Quiz Updated Feb 16, 2012

Challenge
Share
Tweet
Embed
Score 0/111 Timer 10:00
3 Plays Today
% Correct
you
94.6%
you
94.6%
you
94.6%
you
94.6%
You
94.6%
help
91.9%
Help
91.9%
my
90.4%
my
90.4%
my
90.4%
my
90.4%
My
90.4%
my
90.4%
me,
90.4%
hope.
90.2%
on
89.9%
only
89.4%
he
89.2%
Obi-Wan
86.6%
Kenobi,
85.5%
Kenobi,
85.5%
I
84.6%
I
84.6%
I
84.6%
you're
84.3%
the
84.3%
the
84.3%
the
84.3%
the
84.3%
the
84.3%
in
73%
in
73%
in
73%
father
72.1%
father
72.1%
to
66.6%
to
66.6%
% Correct
to
66.6%
to
66.6%
to
66.6%
to
66.6%
to
66.6%
to
66.6%
Wars.
63.6%
Clone
62.8%
this
62.4%
this
62.4%
This
62.4%
Empire.
59.8%
General
58.9%
is
58.6%
droid
58.5%
and
54.2%
our
51.4%
served
50.4%
R2
48.3%
Alderaan
47.2%
will
47.2%
Alderaan.
47.2%
of
46.3%
of
46.3%
have
45.4%
him
45%
him
45%
unit.
44.8%
know
44.6%
Now
44.3%
ship
43.9%
it.
43.8%
ago
43.5%
years
43.2%
has
43%
has
43%
must
40.8%
% Correct
against
40.2%
am
39.3%
Rebellion
38.9%
how
38.8%
his
37.6%
I'm
36.1%
under
35.7%
attack
35.5%
that
35.2%
hour.
34.6%
bring
34.3%
begs
34.2%
most
32.9%
mission
32.6%
desperate
32.4%
struggle
32.1%
but
31.4%
see
31%
memory
29.3%
failed.
29.1%
information
28.2%
fallen
27.9%
person,
27.1%
safely
26.7%
placed
26.2%
vital
26.2%
retrieve
25.6%
request
25%
unable
23.4%
survival
23%
regret
22.4%
into
21.7%
afraid
21.5%
delivered
20.1%
father's
17.4%
systems
16.9%
present
16.1%

You're not logged in!

Compare scores with friends on all Sporcle quizzes.
Join for Free
OR
Log In

You Might Also Like...

Show Comments

Extras

Top Quizzes Today


Score Distribution

Your Account Isn't Verified!

In order to create a playlist on Sporcle, you need to verify the email address you used during registration. Go to your Sporcle Settings to finish the process.

Report this User

Report this user for behavior that violates our Community Guidelines.

Details: